[Event "45th FIDE Chess Olympiad Open"]
[Site "Budapest, Hungary"]
[Date "2024.09.13"]
[Round "3.127"]
[White "Flores Quillas, Diego Saul Rodri"]
[Black "Arias, Daniel"]
[Result "1/2-1/2"]
[WhiteElo "2451"]
[BlackElo "2213"]
[PlyCount "82"]
[EventDate "2024.??.??"]
[WhiteTeam "Peru"]
[BlackTeam "El Salvador"]
[WhiteTeamCountry "PER"]
[BlackTeamCountry "ESA"]
[WhiteClock "0:04:08"]
[BlackClock "0:21:11"]

1. e4 {Szabo,Krisztian} c5 2. Nf3 d6 3. d4 cxd4 4. Nxd4 Nf6 5. Nc3 a6 6. h3 e5 7. Nde2 h5 8. Bg5 ({RR} 8. g3) 8... Be6 9. Bxf6 Qxf6 10. Nd5 Qd8 11. Nec3 g6 ({RR} 11... Nd7 12. Bc4 g6 13. a4 Bh6 14. a5 Rc8 15. Ba2 O-O 16. O-O Kg7) 12. Bc4 Bh6 13. O-O O-O 14. Bb3 Nc6 15. Ne2 ({RR} 15. Qd3 Rc8 16. Rad1 Nd4 17. Ne2 Nxb3 18. Qxb3 b5 ({RR} 18... Kg7 19. f4 Bxf4 ({RR} 19... Qa5) 20. Nexf4 exf4 21. Qxb7 Rxc2) 19. a4 b4 ({RR} 19... Rc5) 20. c3 ({RR} 20. Qxb4 Rxc2) 20... bxc3 21. Nexc3 Kg7 22. Qb7 a5 23. Qa6 Ra8 24. Qe2 Rc8 25. Qa6 Ra8 26. Qd3 Rc8 27. Nb5 Rc6 28. Qa3 Qd7 29. Rfe1 Bg5 {Nakamura,H (2787)-Vachier Lagrave,M (2768) Saint Louis 2014 CBM 162 [Szabo,Krisztian] ½-½ (47)}) ({RR} 15. Qd3 Nd4 16. Ne2 Nxb3 17. Qxb3 b5 18. Rfd1 Kg7 19. a4 Rb8 20. axb5 Rxb5 21. Qa3 Bxd5 22. Rxd5 Rxd5 23. exd5 Qb6 24. Ra2 Rc8 25. Nc3 Bd2 26. Qxa6 Qb8 27. Ne4 Rxc2 28. Qxd6 Qxd6 29. Nxd6 Be1 {Orujov,F (2261)-Ratkovic,M (2396) Novi Sad SRB 2024 0-1 (45)}) 15... Na5 16. c3 $146 ({RR} 16. f4 Nxb3 17. axb3 f5 18. exf5 Bxf5 19. Ng3 Qh4 20. Nxf5 Rxf5 21. Qe1 Qxe1 22. Raxe1 Re8 23. b4 e4 24. c4 h4 25. b3 Bg7 26. Re2 g5 27. Rfe1 e3 28. Nxe3 Bd4 29. fxg5 Rfe5 30. Kf2 Rf8+ {Rathanvel,V (2491)-Matlakov,M (2677) Abu Dhabi UAE 2023 0-1 (48)}) ({RR} 16. Qd3 Kh7 17. f4 f5 18. Nec3 Rc8 19. exf5 Bxf5 20. Qe2 Nc6 21. Qe1 b5 22. Rd1 Bg7 23. Ne3 exf4 24. Rxf4 Bh6 25. Rf3 Ne5 26. Rf2 Re8 27. Nxf5 gxf5 28. Rxf5 Nf3+ 29. Rxf3 Rxe1+ 30. Rxe1 Bg5 {Garifullina,L (2106)-Bodnaruk,A (2423) Sochi 2018 1-0 (76)}) 16... Rc8 17. f4 exf4 18. Nexf4 Nxb3 19. axb3 Bxf4 20. Rxf4 Bxd5 21. Qxd5 Qb6+ 22. Kh1 Rc5 23. Qd1 Re8 24. Ra4 Rce5 25. Rd4 d5 26. Rxd5 Rxe4 27. Rxe4 Rxe4 28. Rd4 Qe6 29. Qf3 Re1+ 30. Kh2 Qe5+ 31. Qf4 Qxf4+ 32. Rxf4 Kg7 33. Rd4 Kf6 34. Kg3 Re2 35. Rd6+ Re6 36. Rd2 Ke7 37. Kf3 Rf6+ 38. Ke3 Re6+ 39. Kf3 Rf6+ 40. Ke3 Re6+ 41. Kf3 Rf6+ 1/2-1/2

[Event "45th FIDE Chess Olympiad Open"]
[Site "Budapest, Hungary"]
[Date "2024.09.13"]
[Round "3.129"]
[White "Tan, Jun Ying"]
[Black "Ferreira, Jorge Viterbo"]
[Result "1-0"]
[WhiteElo "2322"]
[BlackElo "2535"]
[PlyCount "123"]
[EventDate "2024.??.??"]
[WhiteTeam "Malaysia"]
[BlackTeam "Portugal"]
[WhiteTeamCountry "MAS"]
[BlackTeamCountry "POR"]
[WhiteClock "0:02:39"]
[BlackClock "0:05:01"]

1. d4 d5 2. c4 e6 3. Nc3 Nf6 4. cxd5 exd5 5. Bg5 c6 6. e3 h6 7. Bh4 Be7 8. Bd3 O-O 9. Nge2 Re8 10. O-O a5 11. Rc1 Nbd7 12. f3 b5 13. Bf2 Ba6 14. Ng3 Bf8 15. Re1 ({RR} 15. e4 b4 16. Na4 Bxd3 17. Qxd3 dxe4 18. fxe4 Ng4 19. Qf3 Qh4 20. h3 Nxf2 21. Rxf2 c5 22. Qxf7+ Kh8 23. Nf5 Qg5 24. Rcf1 Nf6 25. h4 Qh5 26. Qxh5 Nxh5 27. Nxc5 g6 28. Ne3 Bxc5 29. dxc5 Rxe4 {Bok,B (2599)-Zhao Jun (2538) chess.com INT 2024 1-0 (42)}) 15... a4 $146 ({RR} 15... Qb8 16. Bb1 b4 17. Na4 c5 18. dxc5 Qb5 19. c6 Ne5 20. c7 Rac8 21. e4 Bd6 22. Nf5 Bxc7 23. Rxc7 Rxc7 24. Nd6 Qc6 25. Nxe8 {1-0 (25) Iturrizaga Bonelli,E (2615)-Garcia Ramos,D (2455) Marbella ESP 2023}) 16. Nce2 Qb6 17. Nf4 c5 18. Bb1 cxd4 19. exd4 Rxe1+ 20. Qxe1 b4 21. b3 g6 22. Nd3 Bxd3 23. Bxd3 axb3 24. axb3 Bg7 25. Qd2 Ne8 26. Ne2 Nc7 27. h3 Ne6 28. Nf4 Nxf4 29. Qxf4 Nf8 30. Rc7 Bf6 31. Rc5 Bg5 32. Qg4 Ne6 33. Rxd5 Ra1+ 34. Kh2 Qc7+ 35. Re5 h5 36. Qe4 Qc1 37. Rxg5 Qxg5 38. Be3 Qd8 39. d5 Qd6+ 40. f4 Ng7 41. Bd4 Rd1 42. Be2 Rd2 43. Bf3 Nf5 44. Be5 Qb6 45. Ba1 Qb8 46. Be5 Qf8 47. Bxh5 f6 48. Ba1 Ra2 49. Bxg6 Nh4 50. Qe6+ Kg7 51. Be4 Rxa1 52. Qg4+ Kf7 53. Qe6+ Kg7 54. Qg4+ Kf7 55. Qxh4 Qc5 56. Qh7+ Ke8 57. Qg8+ Kd7 58. Bf5+ Kc7 59. Qc8+ Kb6 60. Qb8+ Ka6 61. Bd3+ Ka5 62. Qd8+ 1-0

[Event "45th FIDE Chess Olympiad Open"]
[Site "Budapest, Hungary"]
[Date "2024.09.13"]
[Round "3.130"]
[White "Galego, Luis"]
[Black "Wong, Jianwen"]
[Result "0-1"]
[WhiteElo "2444"]
[BlackElo "2231"]
[PlyCount "124"]
[EventDate "2024.??.??"]
[WhiteTeam "Portugal"]
[BlackTeam "Malaysia"]
[WhiteTeamCountry "POR"]
[BlackTeamCountry "MAS"]
[WhiteClock "0:11:13"]
[BlackClock "0:05:06"]

1. e4 {Marin,Mihail} c5 2. Nf3 Nc6 3. g3 g6 4. Bg2 Bg7 5. d3 d6 6. O-O e5 7. Nc3 Nge7 8. Nh4 O-O 9. f4 exf4 10. Bxf4 h6 11. Be3 Ne5 12. h3 Be6 13. Qd2 Kh7 14. Kh2 Rc8 15. Ne2 Qd7 16. c4 b5 17. cxb5 $146 ({RR} 17. b3 g5 18. Nf5 Nxf5 19. exf5 Bxf5 20. d4 ({RR} 20. Rxf5 Qxf5 21. Be4 Qxe4 22. dxe4 Nf3+) 20... cxd4 21. Nxd4 Bd3 22. Nxb5 Bxf1 23. Rxf1 Rcd8 24. Bxa7 Ng6 25. Bb6 Rb8 26. Bd4 f5 27. Bxg7 Qxg7 28. Nxd6 f4 29. gxf4 Nxf4 30. Be4+ Kh8 31. Rd1 Ne6 {Sofronie,I (2405)-Moldovan,D (2420) Brasov 1998 CBM 063 Extra [Marin,Mihail] 0-1 (44)}) 17... Qxb5 18. Rad1 a5 19. b3 N5c6 20. Nf3 Nb4 21. Nf4 Bd7 22. d4 c4 23. Rc1 c3 24. Rxc3 Rxc3 25. Qxc3 Rc8 26. Qe1 Nxa2 27. Nd2 Nb4 28. Qf2 Rc2 29. Rd1 Kg8 30. Kg1 a4 31. bxa4 Qxa4 32. Rb1 Nec6 33. Nd5 Nxd5 34. exd5 Nxd4 35. Rb8+ Rc8 36. Rxc8+ Bxc8 37. Ne4 Nf5 38. Bb6 Qa1+ 39. Qf1 Qb2 40. Qf2 Qb1+ 41. Kh2 Be5 42. Ba5 Qa1 43. Qe1 Qxe1 44. Bxe1 Kg7 45. Kg1 Bb7 46. Bb4 Bxd5 47. Nxd6 Bxd6 48. Bc3+ f6 49. Bxd5 Bxg3 50. Be6 Ne7 51. Kg2 Be5 52. Bb4 Nc6 53. Bc5 f5 54. h4 Kf6 55. Bd7 Nd8 56. Bf8 Bf4 57. h5 g5 58. Bxh6 Bd6 59. Be8 Be7 60. Kf3 Nf7 61. Bxf7 Kxf7 62. Ke3 Kg8 0-1

[Event "45th FIDE Chess Olympiad Open"]
[Site "Budapest, Hungary"]
[Date "2024.09.13"]
[Round "3.131"]
[White "Ang, Ern Jie Anderson"]
[Black "Pereira, Ruben"]
[Result "1-0"]
[WhiteElo "2132"]
[BlackElo "2457"]
[PlyCount "107"]
[EventDate "2024.??.??"]
[WhiteTeam "Malaysia"]
[BlackTeam "Portugal"]
[WhiteTeamCountry "MAS"]
[BlackTeamCountry "POR"]
[WhiteClock "0:10:32"]
[BlackClock "0:04:52"]

1. Nf3 {Meulders,Richard} Nf6 2. g3 d5 3. Bg2 e6 4. O-O Be7 5. d4 Ne4 6. c4 f5 7. Qc2 O-O 8. Nc3 c6 9. Rb1 a5 ({RR} 9... Nd7 10. Rd1 ({RR} 10. b4 a6 11. a4 Bf6 12. Rd1 Nd6 13. cxd5 cxd5 14. a5 Kh8 15. Na4 Nc4 16. Nd2 b5 17. axb6 Ndxb6 18. Nxc4 Nxc4 19. Nc5 Bd7 20. Ra1 Qc8 21. Bf4 Bb5 22. Qc1 Bd8 23. h4 Kg8 24. h5 h6) 10... Nxc3 ({RR} 10... a6 11. Ne1 b5 12. cxd5 cxd5 13. Nxe4 fxe4 14. f3 Bb7 15. fxe4 Rc8 16. Qb3 dxe4 17. Qxe6+ Kh8 18. Bf4 Nf6 19. Rbc1 Rxc1 20. Bxc1 Bb4 21. Nc2 Ba5 22. Bf4 Nd5 23. Be5 Nf6 24. Ne3 Re8 25. Qd6) 11. Qxc3 b5 12. b3 a5 13. Be3 ({RR} 13. Bf4) ({RR} 13. cxb5) 13... b4 14. Qc2 Ba6 15. Rbc1 Bf6 16. Bf4 Qe7 17. Qd2 Rac8 ({RR} 17... dxc4 18. bxc4 Nb6 19. c5 Nc4) 18. cxd5 exd5 ({RR} 18... cxd5 19. Bc7) 19. Rc2 Bb5 20. Rdc1 Ra8 ({RR} 20... Rfe8) 21. h4 ({RR} 21. Rxc6 Bxc6 22. Rxc6 Rac8 23. Ng5 Rxc6 24. Bxd5+ Kh8 25. Bxc6 h6 26. Nf3 g5 27. Be3) 21... Rfe8 ({RR} 21... h6) 22. e3 Ra6 23. Bg5 Bxg5 24. hxg5 {Tomashevsky,E (2722)-Rombaldoni,A (2530) Warsaw 2013 CBM 158 [Meulders,Richard] 1-0 (44)} {RR} Rb8 25. Bf1 Bxf1 26. Kxf1 Rbb6) 10. a3 Nd7 11. Rd1 $146 ({RR} 11. b4 axb4 12. axb4 Nd6 13. c5 Nc4 14. Nd2 b5 15. Nxc4 bxc4 16. b5 Bb7 17. Bd2 Bf6 18. e3 cxb5 19. Rxb5 Bc6 20. Rb4 g5 21. Rxc4 Rb8 22. Rb1 dxc4 23. Bxc6 Nxc5 24. dxc5 Qd3 25. Qxd3 cxd3 {Schreiner,P (2422)-Sedlak,N (2548) Aschach 2015 1-0 (49)}) ({RR} 11. b4 axb4 12. axb4 Bf6 13. b5 Nxc3 14. Qxc3 Nb6 15. cxd5 Nxd5 16. Qb3 Bd7 17. bxc6 Bxc6 18. Bd2 Qd7 19. Rfc1 Rfc8 20. Bg5 Ne7 21. Bxf6 gxf6 22. h4 Be4 23. Rxc8+ Rxc8 24. Ra1 Qd5 25. Qe3 Kg7 {Bluebaum,M (2640)-Kushko,D (2444) chess.com INT 2024 1-0 (53)}) ({RR} 11. b4 axb4 12. axb4 Nxc3 13. Qxc3 Nf6 14. b5 Ne4 15. Qc2 dxc4 16. bxc6 bxc6 17. Ne5 Qd5 18. Nxc4 Qxd4 19. Be3 Qf6 20. Nb6 Ra3 21. Bxe4 fxe4 22. Qxc6 Rc3 23. Qxe4 Bc5 24. Na4 {1-0 (24) Kopylov,M (2431)-Zimmermann,M (2248) Norderstedt 2000}) ({RR} 11. b4 Bf6 12. Na4 Kh8 13. b5 cxb5 14. cxb5 Nb6 15. Nxb6 Qxb6 16. Be3 Bd7 17. Ne5 Qd8 18. Rfc1 Rc8 19. Qd3 Nd6 20. Rxc8 Bxc8 21. Rc1 Bxe5 22. dxe5 Nc4 23. Bc5 Re8 24. Qc3 b6 25. Bd4 Bd7 {Burdalev,K (2275)-Uhmann,J (2085) Czech Republic 2014 1-0 (42)}) 11... g5 12. b4 g4 13. Ne5 Nxc3 14. Qxc3 axb4 15. axb4 Nxe5 16. dxe5 Bd7 17. Bh6 Rf7 18. Qe3 dxc4 19. Qd4 Bg5 20. Bxg5 Qxg5 21. Qxc4 f4 22. Rd4 Raf8 23. e3 Qf5 24. Be4 Qxe5 25. exf4 Qg7 26. Re1 Kh8 27. Bc2 Rf6 28. Qc5 Be8 29. Rd8 Bd7 30. Rxf8+ Rxf8 31. Re5 Be8 32. Rg5 Bg6 33. Qd6 Ra8 34. Bxg6 hxg6 35. Qxe6 Qd4 36. Rxg4 Ra1+ 37. Kg2 Qd5+ 38. Qxd5 cxd5 39. Rxg6 d4 40. Rd6 Rd1 41. Kf3 d3 42. Ke3 Re1+ 43. Kd2 Re2+ 44. Kxd3 Rxf2 45. g4 Rxf4 46. Rd4 Rf3+ 47. Kc4 Rh3 48. Kc5 Rxh2 49. Kb6 Kg7 50. Kxb7 Kf6 51. Re4 Rb2 52. Kb6 Kg5 53. b5 Kh4 54. Kc5 1-0

[Event "45th FIDE Chess Olympiad Open"]
[Site "Budapest, Hungary"]
[Date "2024.09.13"]
[Round "3.132"]
[White "Sousa, Andre Ventura"]
[Black "Azhar, Muhd Syakir Shazmee"]
[Result "1-0"]
[WhiteElo "2403"]
[BlackElo "2086"]
[PlyCount "83"]
[EventDate "2024.??.??"]
[WhiteTeam "Portugal"]
[BlackTeam "Malaysia"]
[WhiteTeamCountry "POR"]
[BlackTeamCountry "MAS"]
[WhiteClock "0:28:39"]
[BlackClock "0:02:37"]

1. e4 e5 2. Nf3 Nc6 3. Bb5 a6 4. Ba4 Nf6 5. d3 b5 6. Bb3 Be7 7. a4 b4 8. a5 d6 9. O-O O-O 10. Re1 Be6 11. Bc4 ({RR} 11. Nbd2 Rb8 12. Nc4 Bg4 13. Be3 Nd7 14. h3 Bxf3 15. Qxf3 Bg5 16. Ba4 Bxe3 17. Qxe3 Nd4 18. c3 bxc3 19. bxc3 Nb5 20. d4 Qe7 21. Rad1 Rfd8 22. Qg3 Qe6 23. Ne3 g6 24. Nd5 c6 25. Bxb5 axb5 {Kasparov,G (2838)-Grischuk,A (2702) Moscow 2002 ½-½ (39)}) 11... Qd7 ({RR} 11... Bxc4 12. dxc4 Re8 13. Bg5 h6 14. Bxf6 Bxf6 15. Nbd2 Ne7 16. Nf1 Qd7 17. b3 Qg4 18. Ne3 Qe6 19. Nd5 Nxd5 20. cxd5 Qd7 21. Qd2 Rab8 22. Ra4 Qb5 23. Rd1 Qc5 24. Ne1 Bg5 25. Qe2 Rb5 26. Nd3 {Ortner,J (1541)-Seref,E (1828) Walldorf 2017 0-1 (67)}) 12. Nbd2 Rfe8 $146 ({RR} 12... Kh8 13. Nf1 Nd4 14. Ne3 c6 15. Nxd4 exd4 16. Bxe6 fxe6 17. Nc4 Rae8 18. e5 Nd5 19. Qg4 c5 20. Qg3 dxe5 21. Nxe5 Qc8 22. Qh3 Kg8 23. Re4 Bd8 24. Bh6 Bf6 25. Qg3 Qc7 26. Rae1 Kh8 27. Bg5 {Batchimeg,T (2169)-Shivaji,S (2272) San Francisco 2004 ½-½ (37)}) 13. Bxe6 fxe6 14. c3 Rab8 15. Nc4 Bf8 16. Bd2 Qf7 17. Qa4 Na7 18. cxb4 Rb7 19. Rac1 Reb8 20. h3 Nb5 21. Na3 Na7 22. Qc2 h6 23. Qc4 Nb5 24. Qc6 Nh5 25. Nxb5 Rxb5 26. Qxa6 Nf4 27. Bxf4 exf4 28. Qc6 Rxb4 29. Ra1 Qe8 30. Rec1 Rxb2 31. Qxe8 Rxe8 32. Rxc7 Ra8 33. a6 Rb6 34. a7 d5 35. e5 Rb3 36. Nd4 Rxd3 37. Nxe6 Rb3 38. Nxf8 Kxf8 39. Rac1 Re8 40. Rc8 Ra3 41. Rxe8+ Kxe8 42. Rc8+ 1-0

[Event "45th FIDE Chess Olympiad Open"]
[Site "Budapest, Hungary"]
[Date "2024.09.13"]
[Round "3.133"]
[White "Kantor, Gergely"]
[Black "Eltigani, Omar"]
[Result "1-0"]
[WhiteElo "2537"]
[BlackElo "2241"]
[PlyCount "59"]
[EventDate "2024.??.??"]
[WhiteTeam "Hungary C"]
[BlackTeam "Sudan"]
[BlackTeamCountry "SUD"]
[WhiteClock "0:09:32"]
[BlackClock "0:03:17"]

1. e4 c5 2. Nf3 e6 3. d4 cxd4 4. Nxd4 a6 5. c4 Nf6 6. Nc3 Qc7 7. Be2 Bb4 8. Nc2 Be7 9. O-O d6 10. Be3 Nbd7 11. f4 b6 12. Bf3 Bb7 13. Nd4 Rc8 14. Rc1 Nc5 15. Qc2 Qb8 16. Bf2 $146 ({RR} 16. b4 Ncd7 17. Qe2 g6 18. a3 O-O 19. Nb3 Rfe8 20. g4 Qa8 21. Nd2 d5 22. e5 Ne4 23. Ndxe4 dxe4 24. Bg2 Red8 25. Rfd1 g5 26. Na4 gxf4 27. Bxf4 Bc6 28. Rxd7 Bxd7 29. Nxb6 Qa7 30. Be3 Qc7 {Backelin,R (2310)-Akesson,R (2465) Borlange 1995 ½-½ (63)}) 16... O-O 17. Qe2 Rfd8 18. g4 d5 19. exd5 Qxf4 20. Rcd1 h5 21. Bg3 Qh6 22. b4 hxg4 23. Bg2 Nh5 24. bxc5 Nxg3 25. hxg3 Bxc5 26. Ne4 Be7 27. dxe6 fxe6 28. Nf2 Bxg2 29. Kxg2 Rd6 30. Nxg4 1-0

[Event "45th FIDE Chess Olympiad Open"]
[Site "Budapest, Hungary"]
[Date "2024.09.13"]
[Round "3.134"]
[White "Ahmed Hassan"]
[Black "Krstulovic, Alex"]
[Result "1/2-1/2"]
[WhiteElo "2234"]
[BlackElo "2452"]
[PlyCount "73"]
[EventDate "2024.??.??"]
[WhiteTeam "Sudan"]
[BlackTeam "Hungary C"]
[WhiteTeamCountry "SUD"]
[WhiteClock "0:04:50"]
[BlackClock "0:02:53"]

1. g3 d5 2. Bg2 e5 3. c4 d4 4. d3 Nc6 5. Nf3 Bc5 6. O-O Nge7 7. Nbd2 ({RR} 7. Na3 a5 8. Nc2 O-O 9. b3 Bg4 10. a3 Qd7 11. Rb1 Ng6 12. b4 Be7 13. b5 Nd8 14. Re1 Bh3 15. Bh1 Ne6 16. Nd2 Rab8 17. a4 f5 18. Nb3 b6 19. Bc6 Qc8 20. e3 dxe3 21. Nxe3 Bb4 {Postny,E (2551)-Dardha,D (2612) chess.com INT 2023 0-1 (33)}) ({RR} 7. Na3 O-O 8. Nc2 Ng6 9. Rb1 a5 10. a3 a4 11. b4 axb3 12. Rxb3 Re8 13. Rb5 Ra5 14. Rb1 Ra7 15. Nb4 Nce7 16. Nd2 c6 17. Ne4 Bb6 18. c5 Bc7 19. e3 Nf5 20. Nc2 dxe3 21. fxe3 Nh6 {Hoffman,A (2377)-Vazquez,F (2381) Montevideo URU 2024 0-1 (50)}) 7... Ng6 $146 ({RR} 7... a5 8. a3 O-O 9. Rb1 f6 10. Ne1 Bg4 11. Nc2 a4 12. b4 axb3 13. Nxb3 Bb6 14. Nb4 Qd7 15. Qc2 Bh3 16. Nxc6 Nxc6 17. Bxh3 Qxh3 18. c5 Ba7 19. Nd2 Nd8 20. Ne4 Bb8 21. Qc4+ Qe6 22. Rb4 {Petrosian,T-Keres,P Gagra 1953 ½-½ (62)}) ({RR} 7... a5 8. Nb3 Bb6 9. c5 Ba7 10. a4 O-O 11. Bd2 Be6 12. Nxa5 Nxa5 13. Bxa5 Bxc5 14. Bd2 Qd6 15. Ng5 Bd5 16. Ne4 Bxe4 17. Bxe4 c6 18. Qb3 Kh8 19. Rfc1 f5 20. Bg2 b6 21. Qc4 Qg6 22. a5 {Vakhania,A (2161)-Tsotsonava,E (1885) Tbilisi 2021 1-0 (42)}) ({RR} 7... a5 8. Nb3 Bb6 9. e4 a4 10. Nbd2 f6 11. Nh4 Be6 12. f4 Qd7 13. Qh5+ g6 14. Nxg6 Bg4 15. Bh3 Bxh5 16. Bxd7+ Kxd7 17. Nxh8 Rxh8 18. Nf3 Rg8 19. Kf2 Nb4 20. Ne1 f5 21. Bd2 Nbc6 22. Nf3 {Pares Vives,N (2270)-Lorenzo de la Riva,L (2429) Barcelona 2022 0-1 (39)}) 8. Nb3 Be7 9. e3 O-O 10. exd4 exd4 11. Ne1 a5 12. a3 Bf5 13. f4 Qd7 14. Nd2 Rfe8 15. Ne4 a4 16. b4 axb3 17. Qxb3 Ra6 18. Bd2 Rb6 19. Qd1 Ra8 20. Nf2 Be6 21. Nc2 Bf8 22. Re1 Nge7 23. Rb1 Nc8 24. Rxb6 Nxb6 25. Qe2 Bc5 26. Ne4 Be7 27. Qh5 Bf5 28. Qd1 h6 29. Qb1 Nd8 30. Bb4 Ne6 31. Bxe7 Qxe7 32. Qb5 g6 33. Qe5 Nd7 34. Qb5 Nb6 35. Qe5 Nd7 36. Qb5 Nb6 37. Qe5 1/2-1/2

[Event "45th FIDE Chess Olympiad Open"]
[Site "Budapest, Hungary"]
[Date "2024.09.13"]
[Round "3.135"]
[White "Juhasz, Agoston"]
[Black "Nader Obeid"]
[Result "1-0"]
[WhiteElo "2427"]
[BlackElo "2083"]
[PlyCount "49"]
[EventDate "2024.??.??"]
[WhiteTeam "Hungary C"]
[BlackTeam "Sudan"]
[BlackTeamCountry "SUD"]
[WhiteClock "0:26:36"]
[BlackClock "0:01:03"]

1. e4 c6 2. d4 d5 3. e5 c5 4. dxc5 e6 5. Qh5 Nc6 6. Nf3 Bxc5 7. Bd3 g6 ({RR} 7... Nge7 8. c3 Ng6 9. O-O Nce7 10. a4 O-O 11. b4 Bb6 12. a5 Bc7 13. Na3 Bd7 14. Nb5 Bxb5 15. Bxb5 h6 16. Bd3 f5 17. exf6 Rxf6 18. c4 Nf4 19. Bxf4 Bxf4 20. Rfe1 Qf8 21. cxd5 exd5 22. a6 {Hammer,J (2605)-Pantzar,M (2472) Sweden SWE 2024 1-0}) 8. Qh3 Qc7 9. Qg3 Nd4 $146 ({RR} 9... Bd7 10. c3 O-O-O 11. b4 Be7 12. Bf4 h5 13. h4 Nh6 14. O-O Nf5 15. Qh2 Rdf8 16. Ng5 Kb8 17. Re1 a5 18. a3 Na7 19. Rc1 Bb5 20. Bxb5 Nxb5 21. a4 Na7 22. Nd2 Bxg5 23. Bxg5 Rc8 24. Nb3 {Van Foreest,J (2690)-Ribera Veganzones,S (2199) Sitges ESP 2022 1-0 (76)}) 10. Nbd2 Ne7 11. Nxd4 Bxd4 12. Nf3 Bc3+ 13. Kf1 Nf5 14. Qf4 g5 15. Qxg5 Bxe5 16. Nxe5 Qxe5 17. g4 h6 18. Qh5 Bd7 19. gxf5 O-O-O 20. Rg1 Qf6 21. fxe6 Bxe6 22. Rg3 Rdg8 23. c3 Rxg3 24. hxg3 Rg8 25. Bf4 1-0

[Event "45th FIDE Chess Olympiad Open"]
[Site "Budapest, Hungary"]
[Date "2024.09.13"]
[Round "3.136"]
[White "Eltag, Siddig"]
[Black "Vanczak, Tamas"]
[Result "0-1"]
[WhiteElo "2138"]
[BlackElo "2401"]
[PlyCount "112"]
[EventDate "2024.??.??"]
[WhiteTeam "Sudan"]
[BlackTeam "Hungary C"]
[WhiteTeamCountry "SUD"]
[WhiteClock "0:42:18"]
[BlackClock "0:24:55"]

1. d4 Nf6 2. c4 e6 3. Nf3 c5 4. d5 exd5 5. cxd5 d6 6. g3 g6 7. Bg2 Bg7 8. Nc3 O-O 9. Qa4 $146 ({RR} 9. Nd2 Nbd7 10. Nc4 Nb6 11. Ne3 Ng4 12. O-O Nxe3 13. Bxe3 a6 14. Qb3 Rb8 15. Ne4 Bf5 16. Bg5 f6 17. Bf4 Bxe4 18. Bxe4 f5 19. Bg2 Qc7 20. Rac1 Nd7 21. Qc2 b5 22. e4 fxe4 23. Bxe4 c4 {Missiaen,R-O'Kelly de Galway,A Bruges 1954 1-0 (52)}) ({RR} 9. Nd2 Nbd7 10. Nc4 Nb6 11. Ne3 Re8 12. h3 a6 13. a4 Nbd7 14. a5 b5 15. axb6 Nxb6 16. O-O Rb8 17. Qc2 Nh5 18. Ng4 Qe7 19. Nh6+ Kh8 20. Ne4 Rf8 21. g4 Nf6 22. Nxf6 Qxf6 23. g5 Qd4 {Kempinski,R (2620)-Ragger,M (2658) Germany 2015 ½-½ (32)}) ({RR} 9. Kf1 Nbd7 10. e4 a6 11. a4 Re8 12. Qc2 Rb8 13. a5 b5 14. axb6 Qxb6 15. Kg1 Ng4 16. h3 Nge5 17. Kh2 Nxf3+ 18. Bxf3 Ne5 19. Bg2 f5 20. f4 Nf7 21. Re1 Bd4 22. e5 dxe5 23. fxe5 Rxe5 {Eggink,R (2386)-Vasli,A (2394) chess.com INT 2024 0-1 (73)}) ({RR} 9. Nd2 a6 10. a4 Nbd7 11. Nc4 Nb6 12. Na3 Bd7 13. O-O Nc8 14. Bg5 h6 15. Bd2 Rb8 16. e4 b5 17. axb5 axb5 18. Ne2 Nb6 19. b4 Re8 20. bxc5 dxc5 21. Bf4 Nxe4 22. Rb1 Rc8 23. Nxb5 Bxb5 {Sehlstedt,B-Botez,C Reykjavik 1957 ½-½ (43)}) ({RR} 9. Nd2 b6 10. O-O Ba6 11. a4 Ne8 12. Re1 Nd7 13. Qc2 Nc7 14. b3 f5 15. Bb2 Ne5 16. f4 Ng4 17. Nd1 Bxb2 18. Qxb2 Bb7 19. e4 fxe4 20. Nxe4 Bxd5 21. Ndc3 Bxe4 22. Bxe4 Rb8 23. Bd5+ Kh8 {Lukin,A-Lutikov,A Orel 1966 1-0 (62)}) 9... Bg4 10. Bg5 Bxf3 11. Bxf3 h6 12. Bf4 a6 13. h4 Ne8 14. O-O Nd7 15. e4 Ne5 16. Be2 b5 17. Qd1 Nc7 18. Qd2 Kh7 19. a3 a5 20. Bxe5 Bxe5 21. Nxb5 Nxb5 22. Bxb5 a4 23. Rab1 Qb6 24. Bc6 Ra6 25. Rfc1 Rb8 26. Qd3 Qa7 27. Rc4 Rb3 28. Qc2 Rab6 29. Rxa4 Qc7 30. Rb4 Rxg3+ 31. fxg3 cxb4 32. Kg2 bxa3 33. bxa3 Rxb1 34. Qxb1 Qa5 35. Qb4 Qa6 36. Qd2 Qxa3 37. Qf2 Kg7 38. Be8 Bf6 39. Qf3 Qb2+ 40. Kh3 h5 41. Ba4 Be5 42. Bd1 Qd4 43. Kg2 Qd2+ 44. Qe2 Qc3 45. Qf3 Qe1 46. Be2 Bxg3 47. Qxg3 Qxe2+ 48. Kh3 Qxe4 49. Qxd6 Qg4+ 50. Kh2 Qxh4+ 51. Kg2 Qe4+ 52. Kf2 h4 53. Qc5 Qe5 54. Qc6 Qg3+ 55. Ke2 Qg2+ 56. Ke3 h3 0-1

[Event "45th FIDE Chess Olympiad Open"]
[Site "Budapest, Hungary"]
[Date "2024.09.13"]
[Round "3.137"]
[White "Ahmad, Al Khatib"]
[Black "Keinanen, Toivo"]
[Result "1/2-1/2"]
[WhiteElo "2302"]
[BlackElo "2554"]
[PlyCount "102"]
[EventDate "2024.??.??"]
[WhiteTeam "Jordan"]
[BlackTeam "Finland"]
[WhiteTeamCountry "JOR"]
[BlackTeamCountry "FIN"]
[WhiteClock "0:00:41"]
[BlackClock "0:02:02"]

1. d4 d5 2. c4 e6 3. Nc3 Be7 4. Nf3 Nf6 5. Bg5 h6 6. Bxf6 Bxf6 7. Rc1 ({RR} 7. Qc2 dxc4 8. e3 c5 9. dxc5 Qa5 10. Bxc4 Qxc5 11. Ne4 Qa5+ 12. Ke2 Be7 13. Rhc1 Bd7 14. Qc3 Qxc3 15. Rxc3 Nc6 16. a3 f5 17. Ned2 Bf6 18. Rc2 Ke7 19. Nb3 Rhd8 20. Nc5 Bc8 21. Rac1 Na5 {Wang,Y (2739)-Carlsen,M (2776) Linares 2009 ½-½ (57)}) ({RR} 7. e4 c6 8. e5 Be7 9. cxd5 exd5 10. Bd3 O-O 11. h3 f5 12. Qc2 Be6 13. O-O Nd7 14. Nh2 a5 15. f4 b5 16. g4 g6 17. Qg2 Kh7 18. Kh1 a4 19. a3 Qb6 20. Ne2 Rf7 21. Rg1 Rg8 {Novak,R (2034)-Demin,V (2430) chess.com INT 2024 0-1 (61)}) 7... dxc4 $146 ({RR} 7... O-O) ({RR} 7... c6 8. e4 dxe4 9. Nxe4 Nd7 10. Bd3 c5 11. O-O cxd4 12. Re1 O-O 13. c5 g6 14. b4 Bg7 15. Qd2 a5 16. b5 Qe7 17. Qf4 e5 18. Qg3 Nf6 19. Nxf6+ Qxf6 20. Nxe5 Be6 21. Nxg6 Rfe8 22. Ne5 {Hoi,C (2400)-Pedersen,S (2418) Denmark 2014 1-0 (34)}) ({RR} 7... c6 8. e3 {½-½ (8) Jianu,V (2554)-Krykun,Y (2351) Corund 2017}) 8. e3 Nd7 9. Bxc4 c5 10. Ne4 Qa5+ 11. Rc3 O-O 12. Nxf6+ Nxf6 13. O-O b5 14. Be2 c4 15. a4 Nd5 16. Rc1 c3 17. axb5 cxb2 18. Rc2 a6 19. Rxb2 Nc3 20. Qa1 axb5 21. Qxa5 Rxa5 22. Ne5 Bb7 23. Bf3 Bxf3 24. gxf3 Rfa8 25. Rc1 Ra1 26. Rxa1 Rxa1+ 27. Kg2 Rb1 28. Rxb1 Nxb1 29. Kf1 f6 30. Nd3 Nd2+ 31. Ke2 Nc4 32. Nc5 Kf7 33. Kd3 Ke7 34. Kc3 g5 35. Nb3 Kd6 36. Kb4 Kc6 37. e4 e5 38. d5+ Kb6 39. Nc5 Kc7 40. Nb3 Kb6 41. Nc5 Kc7 42. Kxb5 Nd2 43. Nd3 Nxf3 44. Kc5 Nxh2 45. d6+ Kd8 46. Kd5 Nf3 47. Ke6 h5 48. d7 h4 49. Nc5 Nd4+ 50. Kd6 Nb5+ 51. Kc6 Nd4+ 1/2-1/2

[Event "45th FIDE Chess Olympiad Open"]
[Site "Budapest, Hungary"]
[Date "2024.09.13"]
[Round "3.138"]
[White "Agopov, Mikael"]
[Black "Saif, Malek"]
[Result "0-1"]
[WhiteElo "2451"]
[BlackElo "2162"]
[PlyCount "62"]
[EventDate "2024.??.??"]
[WhiteTeam "Finland"]
[BlackTeam "Jordan"]
[WhiteTeamCountry "FIN"]
[BlackTeamCountry "JOR"]
[WhiteClock "0:04:24"]
[BlackClock "0:05:14"]

1. e4 e5 2. Nf3 Nc6 3. Bc4 Nf6 4. Ng5 d5 5. exd5 Na5 6. Bb5+ c6 7. dxc6 bxc6 8. Bd3 Nd5 9. Nf3 Nf4 10. Bf1 e4 11. d3 exf3 12. Bxf4 Qf6 ({RR} 12... Qe7+ 13. Be3 Qb4+ 14. Nd2 Qxb2 15. Rb1 Qxa2 16. c4 Qa3 17. Qxf3 Bb4 18. Be2 O-O 19. O-O Bb7 20. Ra1 c5 21. Qg3 Qc3 22. Rfb1 Bc6 23. Nf3 Rfe8 24. Ra2 Nb3 25. Rab2 Na5 26. Rxb4 Rxe3 27. Rb8+ {Willy,S (2148)-Carnic,S (2229) Belgrade SRB 2024 1-0 (37)}) 13. Qc1 $146 ({RR} 13. Qxf3 Qxb2 14. Qe2+ Be6 15. Be5 Qc1+ 16. Qd1 Qg5 17. Bc3 O-O-O 18. Be2 Qxg2 19. Bf3 Qg5 20. Qd2 Qc5 21. Qe3 Qb6 22. Qxb6 axb6 23. Nd2 Bd5 24. Rg1 f6 25. Rb1 Kc7 26. Bxd5 Rxd5 27. Ne4 h5 {Socko,B (2627)-Bartel,M (2598) Warsaw 2019 ½-½ (59)}) 13... Bc5 14. gxf3 O-O 15. Nc3 Re8+ 16. Be2 Bb4 17. Rb1 Ba6 18. a3 Bxc3+ 19. bxc3 Re6 20. Rb4 Rae8 21. Re4 c5 22. O-O Bb7 23. Re3 Qxc3 24. Qa1 Qd4 25. Qxd4 cxd4 26. Rxe6 Rxe6 27. Bd1 Nc6 28. Kg2 Ne5 29. Re1 Nxd3 30. cxd3 Rxe1 31. Bb3 Ba6 0-1